Tư liệu đính chính sử liệu Lê Quang Quyền 1812-1884 /

Guardado en:
Detalles Bibliográficos
Autor principal: Lê Nguyên Lưu.
Otros Autores: Huỳnh Đình Kết.
Formato: Artículo
Lenguaje:Vietnamese
Materias:
Etiquetas: Agregar Etiqueta
Sin Etiquetas, Sea el primero en etiquetar este registro!
Thư viện lưu trữ: Thư viện Trường Đại học Đà Lạt
LEADER 00843nam a2200277 4500
001 DLU090087231
005 ##20091006
040 # # |a DLU  |b vie 
041 # # |a vie 
044 # # |a vn 
100 # # |a Lê Nguyên Lưu. 
245 # # |a Tư liệu đính chính sử liệu Lê Quang Quyền 1812-1884 /  |c Lê Nguyên Lưu, Huỳnh Đình Kết. 
653 # # |a Địa lịch sử 
653 # # |a Lịch sử cận đại Việt Nam 
653 # # |a Nhà Nguyễn 
700 # # |a Huỳnh Đình Kết. 
773 # # |t Nghiên cứu lịch sử  |g Số 6(277), 1994, tr. 62-65 
920 # # |a Phòng Tạp chí -- Trung tâm Thông tin - Thư viện Trường Đại học Đà Lạt 
994 # # |a DLU 
900 # # |a True 
911 # # |a Nguyễn Thị Linh Chi 
925 # # |a G 
926 # # |a A 
927 # # |a BB 
980 # # |a Thư viện Trường Đại học Đà Lạt